00637nam a2200145Ia 4500008004100000024005600041082001800097100008300115245007600198260002500274600003400299650003300333952010800366999001700474250506s9999 xx 000 0 und d a15B-117-EL, 15B-141-El, 15B-154-EL & 15B-224-El a621.23072 AIM aAiman Saleem, Michelle Shahbaz, Palwasha Rashid Balooch & Hafiza Fareeha Safvi 0aAdaptive Algorithims Implementation As Channel Estimation and Equalizer aKarachi:bUIT,c2015 aTelecommunication Engineering aBachelor of Engineering (BE) 001040708PR-TEaUITUbUITUd2022-07-26l0o621.23072 AIMpTE-79r2025-05-06 11:34:29w2025-05-06yPR c28529d28529